What Are BLACKPINK's TOP 10 Most Popular Songs? - Statistics

General Stats
  • This quiz has been taken 80 times
  • The average score is 9 of 10
Answer Stats
Views Song % Correct
1,262,662,711 How You Like That
95%
2,158,303,532 DDU-DU DDU-DU
94%
791,646,069 Pink Venom
91%
1,664,393,995 Boombayah
89%
1,913,638,556 Kill This Love
88%
876,085,350 Whistle
86%
729,643,972 Lovesick Girls
83%
1,346,934,079 As If It's Your Last
81%
887,434,049 Ice Cream
72%
856,982,450 Playing With Fire
72%
No matching quizzes found
Score Distribution
Percent of People with Each Score
Percentile by Number Answered
Your Score History
You have not taken this quiz